000 01007nam a22003257a 4500
001 2878518
003 OSt
005 20210426064422.0
008 860627s1987 nyua b 001 0 eng
010 _a 86014437
020 _a0812916182
040 _aDLC
_cDLC
_dDLC
050 0 0 _aR131
_b.W45 1987
080 _a61(09)
_bW-47
082 0 0 _a610/.9
_219
100 1 _aWeissmann, Gerald.
245 1 0 _aThey all laughed at Christopher Columbus :
_btales of medicine and the art of discovery /
_cGerald Weissmann.
250 _a1st ed.
260 _aNew York :
_bTimes Books,
_cc1987.
300 _axvii, 270 p. :
_bill. ;
_c22 cm.
365 _a17.95 USD
500 _aIncludes index.
504 _aBibliography: p. 251-259.
650 0 _aMedicine
_xHistory.
650 0 _aCreative ability in medicine
_xHistory.
650 0 _aMedical innovations
_xHistory.
653 _aმედიცინის ისტორია
906 _a7
_bcbc
_corignew
_d1
_eocip
_f19
_gy-gencatlg
942 _2udc
_cBK
999 _c1446
_d1446